Manažment v sociálnej sfére

Gespeichert in:
Bibliographische Detailangaben
1. Verfasser: Mihalčová, Bohuslava, 1963-
Weitere Verfasser: Csikósová, Adriana, Ubrežiová, Iveta
Format: Buch
Sprache:Slowakisch
Veröffentlicht: Ružomberok Edičné stredisko Pedagogickej fakulty Katolíckej univerzity v Ružomberku 2009
Schlagworte:
Tags: Tag hinzufügen
Keine Tags, Fügen Sie das erste Tag hinzu!

MARC

LEADER 00000nam$a2200000$$$4500
001 0105590
005 20240502072154.2
020 |a 978-80-8084-434-9 
041 0 |a slo 
044 |a SK 
245 1 0 |a Manažment v sociálnej sfére  |c Bohuslava Mihalčová 
264 1 |a Ružomberok  |b Edičné stredisko Pedagogickej fakulty Katolíckej univerzity v Ružomberku  |c 2009 
300 |a 247 s. [12,9 AH] 
610 2 0 |a služby sociálne 
610 2 0 |a politika sociálna 
610 2 0 |a manažment 
610 2 0 |a rozhodovanie 
610 2 0 |a plánovanie 
610 2 0 |a štruktúra organizačná 
610 2 0 |a riadenie ľudských zdrojov 
610 2 0 |a motivácia pracovná 
610 2 0 |a komunikácia manažérska 
610 2 0 |a komunikácia sociálna 
610 2 0 |a riadenie 
610 2 0 |a vodcovstvo 
610 2 0 |a vzdelanosť 
100 1 |a Mihalčová, Bohuslava, 1963- 
700 1 |a Csikósová, Adriana 
700 1 |a Ubrežiová, Iveta